[Event "BdR-ch Open 13 0809"]
[Site "Vitrolles"]
[Date "2009.04.11"]
[Round "9"]
[White "Girard, Jean Pierre"]
[Black "Chauvet, Jean Marc"]
[Result "1/2-1/2"]
[WhiteElo "1944"]
[BlackElo "1983"]
[PlyCount "64"]
[EventDate "2008.10.11"]
[EventType "swiss"]
[EventRounds "9"]
[EventCountry "FRA"]
[SourceDate "2009.04.05"]

1. e4 e6 2. d4 d5 3. Nd2 c5 4. Ngf3 cxd4 5. exd5 Qxd5 6. Bc4 Qc5 7. Qe2 Nc6 8.
O-O Nf6 9. Nb3 Qb6 10. Bf4 Bc5 11. Ne5 O-O 12. Bg3 a5 13. Bd3 Ne7 14. Nc4 Qa7
15. Nxc5 b5 16. Nxa5 Qxc5 17. Nb3 Qd5 18. Qe5 b4 19. Qxd5 Nexd5 20. Nxd4 Ba6
21. a4 Bxd3 22. cxd3 Rfd8 23. Nb5 Nd7 24. Rfc1 e5 25. Kf1 f5 26. Bh4 Rdc8 27.
Nd6 Rxc1+ 28. Rxc1 Rxa4 29. Nxf5 Ra2 30. Nd6 Rxb2 31. Rc8+ Nf8 32. Bg3 Nf4
1/2-1/2

[Event "BdR-ch Open 13 0809"]
[Site "Vitrolles"]
[Date "2009.04.11"]
[Round "9"]
[White "Israel, Daniel"]
[Black "Lac, Benjamin"]
[Result "0-1"]
[WhiteElo "1840"]
[BlackElo "2110"]
[PlyCount "98"]
[EventDate "2008.10.11"]
[EventType "swiss"]
[EventRounds "9"]
[EventCountry "FRA"]
[SourceDate "2009.04.05"]

1. c4 e5 2. Nc3 Bc5 3. g3 c6 4. Bg2 Nf6 5. Nf3 d6 6. Na4 e4 7. Ng1 Nbd7 8. Nh3
O-O 9. O-O Re8 10. Qc2 Bb6 11. Nxb6 axb6 12. b3 Nf8 13. Bb2 Bf5 14. Ng5 d5 15.
e3 Nh5 16. Nh3 Qd7 17. Nf4 Nxf4 18. exf4 Ng6 19. Kh1 d4 20. Qd1 c5 21. Re1 Re7
22. h3 Bxh3 23. Bxe4 Rae8 24. d3 Bf5 25. Qf3 Kh8 26. Kh2 Bxe4 27. dxe4 Qc6 28.
Kg2 Rxe4 29. Rh1 Re2 30. Ba3 Ra8 31. Rhe1 d3 32. Rxe2 dxe2 33. Bb2 h6 34. Qxc6
bxc6 35. Re1 Rxa2 36. Rxe2 Ra7 37. Re8+ Kh7 38. Rb8 Ra2 39. Bc1 Ra6 40. Rb7 f6
41. Bb2 Kg8 42. Rc7 Ra2 43. Bc1 Ra1 44. Be3 Rb1 45. Rb7 Rxb3 46. Bxc5 b5 47. f5
bxc4 48. Bb4 c5 49. Rb8+ Nf8 0-1

[Event "BdR-ch Open 13 0809"]
[Site "Vitrolles"]
[Date "2009.04.11"]
[Round "9"]
[White "Milesi, Laurent"]
[Black "Collier, Timothy"]
[Result "1-0"]
[WhiteElo "2079"]
[BlackElo "1925"]
[PlyCount "73"]
[EventDate "2008.10.11"]
[EventType "swiss"]
[EventRounds "9"]
[EventCountry "FRA"]
[SourceDate "2009.04.05"]

1. e4 d5 2. exd5 Qxd5 3. Nf3 Nf6 4. d4 Bg4 5. Be2 e6 6. O-O Be7 7. h3 Bh5 8.
Bf4 Qd8 9. c4 O-O 10. Qb3 Qc8 11. Nc3 Bd6 12. Be3 c6 13. Rac1 Nbd7 14. Rfe1 Rb8
15. d5 exd5 16. cxd5 Bxf3 17. Bxf3 Ne5 18. Be2 a6 19. Ba7 Ra8 20. Bd4 Qf5 21.
dxc6 bxc6 22. Qc2 Qf4 23. Be3 Qh4 24. Red1 Qb4 25. a3 Qb8 26. Qf5 Re8 27. Rd2
Re6 28. Rcd1 Qc7 29. b4 a5 30. Bc5 Bxc5 31. bxc5 Qa7 32. Rd8+ Re8 33. Rxa8 Qxa8
34. Rd6 Qa7 35. Na4 Ned7 36. Bf3 Re5 37. Qxe5 1-0

[Event "BdR-ch Open 13 0809"]
[Site "Vitrolles"]
[Date "2009.04.11"]
[Round "9"]
[White "Noireaut, Hung"]
[Black "Colandrea, Sauveur"]
[Result "0-1"]
[WhiteElo "1720"]
[BlackElo "1895"]
[PlyCount "64"]
[EventDate "2008.10.11"]
[EventType "swiss"]
[EventRounds "9"]
[EventCountry "FRA"]
[SourceDate "2009.04.05"]

1. e4 g6 2. Nc3 Bg7 3. g3 d6 4. d4 c6 5. Be3 Nd7 6. Qd2 b5 7. Bg2 Rb8 8. f4
Ngf6 9. e5 b4 10. Ne4 Nxe4 11. Bxe4 d5 12. Bd3 e6 13. Nf3 O-O 14. Bf2 Qb6 15.
Qe2 a5 16. g4 Re8 17. f5 exf5 18. gxf5 Nf8 19. fxg6 fxg6 20. Kd2 Ne6 21. Qe3
Ba6 22. Rab1 Rf8 23. Bxa6 Qxa6 24. Qe2 Qa7 25. c4 Qf7 26. cxd5 cxd5 27. Qa6
Rbe8 28. Bh4 Qxf3 29. Rbf1 Bh6+ 30. Kc2 Nxd4+ 31. Kb1 Qe4+ 32. Ka1 Nc2+ 0-1

[Event "BdR-ch Open 13 0809"]
[Site "Vitrolles"]
[Date "2009.04.11"]
[Round "9"]
[White "Poulain, Cedric"]
[Black "Chauvet, Vincent"]
[Result "0-1"]
[WhiteElo "1930"]
[BlackElo "1810"]
[PlyCount "75"]
[EventDate "2008.10.11"]
[EventType "swiss"]
[EventRounds "9"]
[EventCountry "FRA"]
[SourceDate "2009.04.05"]

1. Nf3 Nf6 2. g3 e6 3. Bg2 d5 4. O-O b6 5. c4 c6 6. d4 Bb7 7. cxd5 cxd5 8. Nc3
Be7 9. Bf4 Ne4 10. Nxe4 dxe4 11. Ne5 f6 12. Qa4+ Kf8 13. Nc4 a6 14. Ne3 g5 15.
Bxb8 Rxb8 16. Rfd1 b5 17. Qc2 f5 18. Qb3 f4 19. Ng4 Bd5 20. Qc2 Rc8 21. Qd2 Kg7
22. gxf4 Rf8 23. fxg5 Bxg5 24. e3 Bh4 25. Rf1 Qg5 26. Ne5 Kh8 27. Kh1 Qf5 28.
Qe2 Rc7 29. f4 Rfc8 30. Rad1 Bxa2 31. Rg1 Bb3 32. Ra1 Rc2 33. Bh3 Rxe2 34. Bxf5
exf5 35. Rxa6 Rg8 36. Rh6 Rxg1+ 37. Kxg1 Be7 38. Re6 0-1